[Event "Frankfurt Ch B 2019"]
[Site "Ffm-Höchst, BiKuZ"]
[Date "2019.05.27"]
[Round "5.19"]
[White "Grimm, Heinz-Peter"]
[Black "Mook, Karl-Jürgen"]
[Result "0-1"]
[WhiteElo "1445"]
[BlackElo "1261"]
[PlyCount "94"]
[EventDate "2019.??.??"]
[WhiteTeam "vereinslos"]
[BlackTeam "SC Sulzbach"]

1. e4 e5 2. Nf3 Nc6 3. Bb5 Bc5 4. Bxc6 dxc6 5. c3 Nf6 6. d4 exd4 7. cxd4 Bb6 8.
Bg5 h6 9. Bh4 g5 10. Bg3 Bg4 11. Be5 Qe7 12. O-O O-O-O 13. Qd3 Rhg8 14. a3 Nd7
15. Qc3 Nxe5 16. dxe5 Be6 17. Nbd2 a6 18. Rad1 Rd7 19. Nc4 Kb8 20. Nxb6 cxb6
21. Nd4 Rgd8 22. Nxe6 Qxe6 23. Rxd7 Rxd7 24. f4 gxf4 25. Rxf4 Qg6 26. Qf3 Qe6
27. Rf5 Qc4 28. h3 Qd4+ 29. Kh2 Re7 30. Qf4 Re6 31. Rxf7 Qxe5 32. Qxe5+ Rxe5
33. Rf4 Re6 34. g4 c5 35. Kg3 c4 36. Rf8+ Kc7 37. Kf4 b5 38. Kf5 Rd6 39. Rf6
Rd2 40. Rxh6 Rxb2 41. g5 c3 42. g6 c2 43. g7 c1=Q 44. g8=Q Rf2+ 45. Ke5 Qf4+
46. Kd4 Qxh6 47. Qg3+ Qd6+ 0-1

[Event "Frankfurt Ch A 2019"]
[Site "Ffm-Höchst, BiKuZ"]
[Date "2019.06.03"]
[Round "6.1"]
[White "Milov, Leonid"]
[Black "Khenkin, Igor"]
[Result "1/2-1/2"]
[WhiteElo "2456"]
[BlackElo "2512"]
[PlyCount "30"]
[EventDate "2019.??.??"]
[WhiteTeam "SC Noris-Tarrasch Nürnberg"]
[BlackTeam "SG Turm Kiel"]

1. e4 c5 2. Nc3 e6 3. Nf3 a6 4. d4 cxd4 5. Nxd4 Qc7 6. Qf3 d6 7. Be3 Nd7 8. Qg3
b5 9. a3 Ngf6 10. O-O-O Rb8 11. f3 h5 12. Be2 e5 13. Nb3 Nb6 14. f4 h4 15. Qe1
Bb7 1/2-1/2

[Event "Frankfurt Ch A 2019"]
[Site "Ffm-Höchst, BiKuZ"]
[Date "2019.06.03"]
[Round "6.2"]
[White "Poetsch, Hagen"]
[Black "Uwira, Oliver"]
[Result "1-0"]
[WhiteElo "2497"]
[BlackElo "2143"]
[PlyCount "41"]
[EventDate "2019.??.??"]
[WhiteTeam "SC Heusenstamm"]
[BlackTeam "SC Nied"]

1. e4 c5 2. Nf3 Nc6 3. Nc3 Nf6 4. Bb5 Qc7 5. O-O Nd4 6. Re1 a6 7. Bf1 Ng4 8. e5
Nxf3+ 9. gxf3 Nxe5 10. d4 cxd4 11. Nd5 Qd6 12. c4 g5 13. Bg2 Bg7 14. f4 Ng6 15.
f5 e6 16. fxg6 hxg6 17. Bxg5 Qxh2+ 18. Kf1 Kf8 19. Bf4 Qh5 20. Bd6+ Kg8 21.
Qxh5 1-0

[Event "Frankfurt Ch A 2019"]
[Site "Ffm-Höchst, BiKuZ"]
[Date "2019.06.03"]
[Round "6.4"]
[White "Reitz, Philipp"]
[Black "Neukirchner, Pascal"]
[Result "0-1"]
[WhiteElo "2020"]
[BlackElo "2298"]
[PlyCount "60"]
[EventDate "2019.??.??"]
[WhiteTeam "VfR-SC Koblenz"]
[BlackTeam "SK Gründau"]

1. c4 c5 2. Nc3 g6 3. g3 Bg7 4. Bg2 Nc6 5. e3 e5 6. d3 Nge7 7. Nge2 O-O 8. O-O
d6 9. Qd2 Be6 10. Nd5 Qd7 11. Rb1 Bh3 12. Nxe7+ Nxe7 13. Bxh3 Qxh3 14. b4 b6
15. Nc3 Rae8 16. Nd5 Nxd5 17. cxd5 f5 18. Qd1 g5 19. bxc5 dxc5 20. e4 f4 21.
Qf3 g4 22. Qg2 Qh5 23. gxf4 exf4 24. f3 g3 25. Bb2 Bxb2 26. Rxb2 Qe5 27. hxg3
fxg3 28. Qd2 Rf4 29. Kg2 Ref8 30. Rc2 Qh5 0-1

[Event "Frankfurt Ch A 2019"]
[Site "Ffm-Höchst, BiKuZ"]
[Date "2019.06.03"]
[Round "6.5"]
[White "Legde, Georg"]
[Black "Neininger, Ralph"]
[Result "1-0"]
[WhiteElo "2263"]
[BlackElo "2133"]
[PlyCount "93"]
[EventDate "2019.??.??"]
[WhiteTeam "Freibauer Mörlenbach"]
[BlackTeam "SV Oberursel"]

1. Nf3 Nf6 2. g3 d5 3. Bg2 g6 4. c4 c6 5. b3 Bg7 6. Bb2 O-O 7. O-O Qb6 8. d3
dxc4 9. dxc4 Rd8 10. Qc1 Bf5 11. Nc3 Nbd7 12. Na4 Qc7 13. Nd4 h6 14. Nxf5 gxf5
15. Qe3 e6 16. Rad1 Ng4 17. Qc1 Bxb2 18. Nxb2 Kh7 19. Qc2 Ngf6 20. e4 fxe4 21.
Bxe4+ Kg7 22. Bg2 Qa5 23. Nd3 Qf5 24. Qe2 Nc5 25. g4 Nxg4 26. Nxc5 Qf4 27. Rfe1
Rxd1 28. Rxd1 Qxh2+ 29. Kf1 Ne5 30. Qe3 Qh5 31. Qd4 Kh7 32. Ne4 Qf5 33. Ng3 Qg5
34. Re1 Ng4 35. Bh3 Nf6 36. Ne4 Nxe4 37. Qxe4+ Kg7 38. Re3 Kf8 39. Rg3 Qf6 40.
Qe3 Rd8 41. Kg2 Rd4 42. Kh2 Qf4 43. Bg4 Ke7 44. Kg1 Qxe3 45. fxe3 Rd3 46. Bh5
f5 47. Rg7+ 1-0

[Event "Frankfurt Ch A 2019"]
[Site "Ffm-Höchst, BiKuZ"]
[Date "2019.06.03"]
[Round "6.6"]
[White "Steudel, Max"]
[Black "Keller, Peter"]
[Result "0-1"]
[WhiteElo "1970"]
[BlackElo "2201"]
[PlyCount "66"]
[EventDate "2019.??.??"]
[WhiteTeam "SC Brett vorm Kopp"]
[BlackTeam "Frankfurter TV"]

1. e4 e5 2. Nf3 Nc6 3. Nc3 Nf6 4. d4 exd4 5. Nxd4 Bb4 6. Nxc6 bxc6 7. Bd3 d5 8.
exd5 O-O 9. O-O cxd5 10. h3 h6 11. Qf3 c6 12. Bf4 Re8 13. Ne2 Ne4 14. Rad1 Qf6
15. c3 Bc5 16. Bxe4 Rxe4 17. Be3 Qxf3 18. gxf3 Re8 19. Nd4 Bxh3 20. Rfe1 Bd7
21. b4 Bb6 22. Nb3 Re6 23. Nc5 Rg6+ 24. Kh1 Bh3 25. Rg1 Rxg1+ 26. Kxg1 Kh7 27.
f4 a5 28. a3 axb4 29. axb4 Ra2 30. Kh2 Bf5 31. Kg2 h5 32. Rh1 Kh6 33. Kf3 Bxc5
0-1

[Event "Frankfurt Ch A 2019"]
[Site "Ffm-Höchst, BiKuZ"]
[Date "2019.06.03"]
[Round "6.7"]
[White "Özdemir, Ali Özden"]
[Black "Nehmert, Ulrich"]
[Result "0-1"]
[WhiteElo "2025"]
[BlackElo "2152"]
[PlyCount "44"]
[EventDate "2019.??.??"]
[WhiteTeam "SK Langen"]
[BlackTeam "Wiesbadener SV"]

1. e4 e6 2. d3 d5 3. Qe2 Be7 4. Nf3 Nf6 5. g3 c5 6. Bg2 Nc6 7. e5 Nd7 8. O-O g5
9. h3 h5 10. Na3 g4 11. hxg4 hxg4 12. Nh2 Ndxe5 13. Nxg4 Nxg4 14. Qxg4 e5 15.
Qd1 Be6 16. f4 c4 17. d4 Nxd4 18. fxe5 Bc5 19. Be3 Qb6 20. Re1 Nf5 21. Bxc5
Qxc5+ 22. Kf1 Nxg3# 0-1

[Event "Frankfurt Ch A 2019"]
[Site "Ffm-Höchst, BiKuZ"]
[Date "2019.06.03"]
[Round "6.8"]
[White "Weber, Samuel"]
[Black "Bagatsch, Thomas"]
[Result "1/2-1/2"]
[WhiteElo "2147"]
[BlackElo "1973"]
[PlyCount "47"]
[EventDate "2019.??.??"]
[WhiteTeam "SV Oberursel"]
[BlackTeam "SC Brett vorm Kopp"]

1. e4 e5 2. Nf3 Nc6 3. Bc4 Bc5 4. d3 Nf6 5. c3 d6 6. a4 a6 7. Na3 Ne7 8. Bg5
Ng6 9. Nh4 Nf4 10. Bxf4 exf4 11. Nf3 d5 12. exd5 Nxd5 13. Qe2+ Be6 14. d4 Be7
15. O-O c6 16. Bd3 O-O 17. Nc4 Re8 18. Qc2 h6 19. a5 Qc7 20. Rfe1 Bf6 21. Nce5
c5 22. Qd2 Rad8 23. dxc5 Qxc5 24. Qc2 1/2-1/2

[Event "Frankfurt Ch A 2019"]
[Site "Ffm-Höchst, BiKuZ"]
[Date "2019.06.03"]
[Round "6.9"]
[White "Hankel, Dennis"]
[Black "Bischoff, Ulrich"]
[Result "1/2-1/2"]
[WhiteElo "2131"]
[BlackElo "1961"]
[PlyCount "54"]
[EventDate "2019.??.??"]
[WhiteTeam "SF Neuberg"]
[BlackTeam "Sfr. Erbach"]

1. d4 d5 2. Bf4 Nf6 3. e3 e6 4. Nd2 Bd6 5. Bg3 O-O 6. Bd3 c5 7. c3 Qc7 8. Ngf3
Nbd7 9. e4 dxe4 10. Nxe4 Nxe4 11. Bxe4 Nf6 12. Bc2 Bxg3 13. hxg3 b6 14. Qe2 Bb7
15. O-O-O h6 16. Rh4 Rfd8 17. Rdh1 cxd4 18. Nxd4 Bxg2 19. R1h2 Bd5 20. Qe3 Kf8
21. f4 Rac8 22. g4 g6 23. Rf2 Kg7 24. g5 hxg5 25. fxg5 Nh5 26. Nf3 Bxf3 27.
Qxf3 Qe7 1/2-1/2

[Event "Frankfurt Ch A 2019"]
[Site "Ffm-Höchst, BiKuZ"]
[Date "2019.06.03"]
[Round "6.10"]
[White "Schmidt, Markus"]
[Black "Koch, Markus"]
[Result "0-1"]
[WhiteElo "2015"]
[BlackElo "2089"]
[PlyCount "52"]
[EventDate "2019.??.??"]
[WhiteTeam "SK Turm Bad Hersfeld"]
[BlackTeam "SC Brett vorm Kopp"]

1. c4 e5 2. g3 c6 3. Nf3 e4 4. Nd4 Qb6 5. Nc2 Nf6 6. Nc3 d5 7. cxd5 cxd5 8. d4
Nc6 9. Bg2 Be6 10. O-O Be7 11. a3 a5 12. Bg5 h6 13. Bxf6 Bxf6 14. Na4 Qb5 15.
Nc5 Nxd4 16. Nxd4 Qxc5 17. Nxe6 fxe6 18. Rc1 Qd6 19. Bxe4 O-O 20. Bc2 Qa6 21.
Rb1 Rac8 22. Bd3 Qb6 23. b4 Rc7 24. Qa4 Bd4 25. Qxa5 Rxf2 26. Qa8+ Rf8+ 0-1

[Event "Frankfurt Ch A 2019"]
[Site "Ffm-Höchst, BiKuZ"]
[Date "2019.06.03"]
[Round "6.11"]
[White "Hristovski, Srdzan"]
[Black "Deppe, Leo Max"]
[Result "1-0"]
[WhiteElo "2093"]
[BlackElo "1920"]
[PlyCount "73"]
[EventDate "2019.??.??"]
[WhiteTeam "SF Frankfurt"]
[BlackTeam "SC Bad Soden"]

1. d4 Nf6 2. c4 g6 3. Nc3 Bg7 4. e4 d6 5. h3 O-O 6. Be3 e5 7. d5 c6 8. Qd2 cxd5
9. cxd5 a6 10. g4 Nbd7 11. Bg2 b5 12. Nge2 Nb6 13. b3 Bd7 14. Ng3 a5 15. g5 Ne8
16. h4 a4 17. O-O f5 18. gxf6 Nxf6 19. Bg5 Qe8 20. Rac1 axb3 21. axb3 Nh5 22.
Nxh5 gxh5 23. Ne2 Qg6 24. Ng3 Bf6 25. Be3 Nc8 26. Rc7 Bg4 27. f3 Bd8 28. Rb7
Bxf3 29. Bh6 Qxg3 30. Rg7+ Qxg7 31. Bxg7 Bxg2 32. Rxf8+ Kxg7 33. Rxd8 Bxe4 34.
Qc1 Nb6 35. Qc7+ Kf6 36. Qxd6+ Kf5 37. Rxa8 1-0

[Event "Frankfurt Ch A 2019"]
[Site "Ffm-Höchst, BiKuZ"]
[Date "2019.06.03"]
[Round "6.12"]
[White "Li, Maxim"]
[Black "Chandler, Patrick"]
[Result "1/2-1/2"]
[WhiteElo "1932"]
[BlackElo "2119"]
[PlyCount "96"]
[EventDate "2019.??.??"]
[WhiteTeam "Wiesbadener SV"]
[BlackTeam "SC Nied"]

1. e4 Nc6 2. Nc3 d6 3. d4 e5 4. Bb5 Bd7 5. Nge2 Nf6 6. O-O Be7 7. f4 a6 8. Bxc6
Bxc6 9. d5 Bd7 10. Ng3 h5 11. h3 h4 12. Nh1 Nh5 13. Ne2 g5 14. f5 c6 15. c4
cxd5 16. cxd5 Qb6+ 17. Kh2 Nf4 18. Rf3 f6 19. Rb3 Qc7 20. Rc3 Qd8 21. a4 Kf7
22. Nf2 Qe8 23. b3 b5 24. Bxf4 gxf4 25. axb5 axb5 26. Rxa8 Qxa8 27. Rc7 Ke8 28.
Rc1 Bd8 29. Ra1 Qb7 30. b4 Bb6 31. Ng4 Ke7 32. Qd2 Be8 33. Qb2 Rf8 34. Qa3 Bh5
35. Qa6 Qxa6 36. Rxa6 Bxg4 37. hxg4 Bf2 38. Nc3 Rc8 39. Nxb5 Rc1 40. g5 fxg5
41. Kh3 Rb1 42. Kg4 h3 43. f6+ Kxf6 44. Rxd6+ Kf7 45. gxh3 Rxb4 46. Nc7 Ke7 47.
Re6+ Kd7 48. Ne8 Rb6 1/2-1/2

[Event "Frankfurt Ch A 2019"]
[Site "Ffm-Höchst, BiKuZ"]
[Date "2019.06.03"]
[Round "6.13"]
[White "Drill, Frank"]
[Black "Krüger, Till"]
[Result "1/2-1/2"]
[WhiteElo "2052"]
[BlackElo "1887"]
[PlyCount "61"]
[EventDate "2019.??.??"]
[WhiteTeam "SF Neuberg"]
[BlackTeam "SC Nidderau"]

1. e4 d6 2. d4 Nf6 3. Nc3 e5 4. f4 exd4 5. Qxd4 Nc6 6. Qd1 Be7 7. Nf3 O-O 8.
Bd3 Re8 9. O-O Bf8 10. Qe1 Nb4 11. Qh4 Nxd3 12. cxd3 c6 13. Kh1 d5 14. f5 Nd7
15. Qg3 f6 16. Bf4 Nc5 17. Rad1 Na6 18. Qh3 d4 19. Ne2 g5 20. Qg3 Kh8 21. Nxg5
fxg5 22. Bxg5 Qc7 23. Qh4 Qf7 24. Rf3 Be7 25. Rg3 Bxg5 26. Rxg5 Rg8 27. Rxg8+
Kxg8 28. Qd8+ Kg7 29. Qg5+ Kf8 30. Qd8+ Kg7 31. Qg5+ 1/2-1/2

[Event "Frankfurt Ch A 2019"]
[Site "Ffm-Höchst, BiKuZ"]
[Date "2019.06.03"]
[Round "6.14"]
[White "Makilla, Tobias"]
[Black "Rolf, Marco"]
[Result "0-1"]
[WhiteElo "1911"]
[BlackElo "2026"]
[PlyCount "60"]
[EventDate "2019.??.??"]
[WhiteTeam "SC Hattersheim"]
[BlackTeam "SK Gernsheim"]

1. e4 e6 2. d4 d5 3. Nd2 Nf6 4. e5 Nfd7 5. Bd3 c5 6. c3 b6 7. Ne2 Ba6 8. Bb1
Nc6 9. O-O cxd4 10. cxd4 Bxe2 11. Qxe2 Nxd4 12. Qg4 Nc6 13. f4 Bc5+ 14. Kh1 Qe7
15. Qxg7 O-O-O 16. Nb3 h5 17. Qg3 Rhg8 18. Qd3 Rg4 19. Nxc5 Nxc5 20. Qa3 Rdg8
21. Rf2 Qh4 22. Qe3 d4 23. Qf3 Kc7 24. Kg1 d3 25. Bd2 Nd4 26. Qe3 Ne2+ 27. Kf1
Rg3 28. Rf3 Qxh2 29. Bxd3 Qxg2+ 30. Ke1 Rxf3 0-1

[Event "Frankfurt Ch A 2019"]
[Site "Ffm-Höchst, BiKuZ"]
[Date "2019.06.03"]
[Round "6.15"]
[White "Rennhack, Peer"]
[Black "Zimmermann, Rolf"]
[Result "0-1"]
[WhiteElo "1873"]
[BlackElo "2025"]
[PlyCount "64"]
[EventDate "2019.??.??"]
[WhiteTeam "Frankfurter TV"]
[BlackTeam "SC Tornado Hochneukirch"]

1. e4 c6 2. d4 d5 3. e5 g6 4. Bg5 h6 5. Be3 h5 6. Nc3 Bf5 7. Bd3 Bxd3 8. Qxd3
e6 9. f4 Ne7 10. Nf3 Nf5 11. Bf2 Be7 12. O-O-O Nd7 13. h4 a6 14. Ng5 c5 15.
dxc5 Bxc5 16. Bxc5 Nxc5 17. Qf3 Qc7 18. Nxd5 exd5 19. Rxd5 Ne6 20. Ne4 O-O 21.
Nf6+ Kg7 22. Nxh5+ gxh5 23. Qxh5 Nh6 24. f5 Rad8 25. Rhd1 Rxd5 26. Rxd5 Rd8 27.
Rxd8 Nxd8 28. Qg5+ Kh7 29. f6 Ne6 30. Qe3 Qc4 31. Qg3 Qf4+ 32. Qxf4 Nxf4 0-1

[Event "Frankfurt Ch A 2019"]
[Site "Ffm-Höchst, BiKuZ"]
[Date "2019.06.03"]
[Round "6.16"]
[White "Schwenkreis, Thomas"]
[Black "Hochmuth, Christian"]
[Result "1-0"]
[WhiteElo "1995"]
[BlackElo "1928"]
[PlyCount "57"]
[EventDate "2019.??.??"]
[WhiteTeam "SV Oberursel"]
[BlackTeam "SG Wächtersbach"]

1. e4 c5 2. f4 Nc6 3. Nc3 g6 4. Nf3 Bg7 5. Bc4 e6 6. a4 Nge7 7. e5 d5 8. exd6
Nf5 9. Bb5 Nxd6 10. Bxc6+ bxc6 11. d3 Rb8 12. O-O O-O 13. Ne5 Qc7 14. Qe1 Nf5
15. Ne4 Nd4 16. Rf2 f6 17. Nc4 Qe7 18. Qa5 Rd8 19. Be3 Rd5 20. Nc3 Rd8 21. Rc1
f5 22. Ne5 Bxe5 23. fxe5 Rxb2 24. Nd1 Rb6 25. Qd2 Rd7 26. Bg5 Qf8 27. Ne3 Ba6
28. Ng4 Rdb7 29. Nh6+ 1-0

[Event "Frankfurt Ch A 2019"]
[Site "Ffm-Höchst, BiKuZ"]
[Date "2019.06.03"]
[Round "6.18"]
[White "Faqiry, Ramat"]
[Black "Gräbner, Walter"]
[Result "1/2-1/2"]
[WhiteElo "1973"]
[BlackElo "1922"]
[PlyCount "108"]
[EventDate "2019.??.??"]
[WhiteTeam "SK Bad Homburg"]
[BlackTeam "SC Nied"]

1. d4 d5 2. Bg5 Nf6 3. Nf3 e6 4. e3 c5 5. c4 Qb6 6. b3 Ne4 7. Bf4 Qa5+ 8. Nbd2
Nc6 9. Bd3 Nb4 10. Bb1 Be7 11. a3 Nc6 12. dxc5 Nxd2 13. Nxd2 dxc4 14. b4 Nxb4
15. Nxc4 Qxc5 16. Qb3 Nd5 17. Be5 b5 18. Nb2 Bf6 19. Nd3 Qc4 20. Qxc4 bxc4 21.
Bxf6 gxf6 22. Nc5 Bd7 23. O-O Rc8 24. Ne4 Ke7 25. Rc1 c3 26. Ba2 f5 27. Bxd5
fxe4 28. Bxe4 Rc5 29. Rab1 f5 30. Bd3 Rhc8 31. Kf1 R8c7 32. Rb4 Kf6 33. Ke2 e5
34. f3 Be6 35. h3 h5 36. g4 hxg4 37. hxg4 fxg4 38. fxg4 Kg5 39. Kf3 Bc4 40. Be4
Bd5 41. Bxd5 Rxd5 42. Rb3 c2 43. Rb2 Rd2 44. a4 Rc3 45. Ke4 Rc4+ 46. Kxe5 Kxg4
47. e4 Kf3 48. Kf5 Ke3 49. e5 Rf2+ 50. Ke6 Kd2 51. Ra1 Re2 52. Kd5 Rce4 53. e6
Rxe6 54. Raa2 R2e5+ 1/2-1/2

[Event "Frankfurt Ch A 2019"]
[Site "Ffm-Höchst, BiKuZ"]
[Date "2019.06.03"]
[Round "6.19"]
[White "Kolker, Vladislav"]
[Black "Pauly, Markus"]
[Result "0-1"]
[WhiteElo "1959"]
[BlackElo "1864"]
[PlyCount "70"]
[EventDate "2019.??.??"]
[WhiteTeam "SC Bad Nauheim"]
[BlackTeam "Sfr. Erbach"]

1. e4 c5 2. Nf3 Nc6 3. d4 cxd4 4. Nxd4 e5 5. Nb5 a6 6. Nd6+ Bxd6 7. Qxd6 Qf6 8.
Qc7 Nge7 9. Nc3 O-O 10. Be3 b5 11. O-O-O Nd4 12. f4 d6 13. f5 b4 14. h4 h6 15.
g4 Bxf5 16. g5 Qe6 17. exf5 Ndxf5 18. Bc4 Qc8 19. Qxc8 Rfxc8 20. Nd5 Rxc4 21.
Nxe7+ Nxe7 22. Rxd6 Nf5 23. Rd3 Rac8 24. Rh2 h5 25. Bb6 e4 26. Rd8+ Rxd8 27.
Bxd8 e3 28. Bb6 Kh7 29. Re2 Rxh4 30. Bxe3 Re4 31. Kd2 Rxe3 32. Rxe3 Nxe3 33.
Kxe3 Kg6 34. c4 bxc3 35. bxc3 Kxg5 0-1

[Event "Frankfurt Ch A 2019"]
[Site "Ffm-Höchst, BiKuZ"]
[Date "2019.06.03"]
[Round "6.20"]
[White "Diehl, Stefan"]
[Black "Jurkic, Bosiljko"]
[Result "1/2-1/2"]
[WhiteElo "1771"]
[BlackElo "1956"]
[PlyCount "41"]
[EventDate "2019.??.??"]
[WhiteTeam "SC Höchst"]
[BlackTeam "SC Bad Wimpfen"]

1. f4 b6 2. Nf3 Bb7 3. e3 Nf6 4. Be2 c5 5. c4 e6 6. Nc3 Be7 7. b3 O-O 8. O-O d5
9. cxd5 exd5 10. d4 Nc6 11. Ne5 cxd4 12. exd4 Nxd4 13. Bd3 Qc8 14. Na4 b5 15.
Nb2 Ba3 16. Kh1 Nf5 17. Qe1 a6 18. Na4 bxa4 19. Bxa3 Re8 20. Rc1 Qe6 21. Rc7
1/2-1/2

[Event "Frankfurt Ch A 2019"]
[Site "Ffm-Höchst, BiKuZ"]
[Date "2019.06.03"]
[Round "6.21"]
[White "Calvi, Stefan"]
[Black "Moritz, Dennis"]
[Result "1-0"]
[WhiteElo "1953"]
[BlackElo "1734"]
[PlyCount "119"]
[EventDate "2019.??.??"]
[WhiteTeam "SF Frankfurt"]
[BlackTeam "SK Hungen"]

1. e4 e5 2. Nf3 Nc6 3. d4 exd4 4. Nxd4 Bb4+ 5. Nc3 Nf6 6. Nxc6 bxc6 7. Bd3 O-O
8. O-O d5 9. exd5 cxd5 10. h3 h6 11. Bf4 Bd6 12. Qf3 c6 13. Rfe1 Be6 14. Ne2
Re8 15. Nd4 Bxf4 16. Qxf4 Qd7 17. Rad1 Rac8 18. Nf5 g6 19. Nd6 Qc7 20. Qh2 c5
21. Nxc8 Qxc8 22. Qg3 Kg7 23. c3 Qb7 24. Re2 d4 25. c4 Kh7 26. Rde1 Qc6 27. f4
Qd6 28. Qh4 Kg7 29. Rf1 Bf5 30. Rxe8 Bxd3 31. Rd1 Bc2 32. Rd2 Nxe8 33. Rxc2 Nf6
34. f5 g5 35. Qe1 Nh5 36. Rd2 Nf4 37. Qe4 Nh5 38. Re2 Nf4 39. Qe5+ Qxe5 40.
Rxe5 d3 41. Re1 Kf6 42. g3 Ne2+ 43. Kf2 Kxf5 44. Ke3 Nxg3 45. Kxd3 h5 46. b4 g4
47. bxc5 gxh3 48. c6 h2 49. c7 h1=Q 50. c8=Q+ Kg5 51. Rxh1 Nxh1 52. Qc5+ Kh4
53. Qxa7 f5 54. Ke3 Kg5 55. Kf3 h4 56. Qg7+ Kh5 57. c5 Ng3 58. Qxg3 hxg3 59.
Kxg3 Kg6 60. c6 1-0

[Event "Frankfurt Ch A 2019"]
[Site "Ffm-Höchst, BiKuZ"]
[Date "2019.06.03"]
[Round "6.22"]
[White "Rupp, Mark"]
[Black "Casagrande, Thomas"]
[Result "1/2-1/2"]
[WhiteElo "1901"]
[BlackElo "1952"]
[PlyCount "85"]
[EventDate "2019.??.??"]
[WhiteTeam "SK Langen"]
[BlackTeam "Frankfurter TV"]

1. d4 d5 2. c4 e6 3. Nc3 c6 4. Nf3 f5 5. Bf4 Nf6 6. g3 Be7 7. Bg2 O-O 8. O-O
Nbd7 9. b3 Ne4 10. Qc1 Ndf6 11. c5 Nxc3 12. Qxc3 Ne4 13. Qd3 g5 14. Bc1 Bf6 15.
Bb2 Nxc5 16. Qc2 Ne4 17. Ne5 Bd7 18. f3 Nd6 19. e4 Bxe5 20. dxe5 Nb5 21. Rae1
Qe7 22. a4 Nc7 23. Bh3 fxe4 24. fxe4 Rxf1+ 25. Rxf1 Rf8 26. Rxf8+ Qxf8 27. Qd2
h6 28. b4 Be8 29. b5 Qf3 30. Bg2 Qf8 31. Qc3 Qf7 32. Ba3 dxe4 33. Bxe4 Nd5 34.
Qd3 Kg7 35. Bd6 Bd7 36. Bb8 cxb5 37. axb5 Qe8 38. Bxd5 Qxb8 39. Bc4 Qc7 40. Qd4
Qb6 41. Qxb6 axb6 42. Bd3 Be8 43. g4 1/2-1/2

[Event "Frankfurt Ch A 2019"]
[Site "Ffm-Höchst, BiKuZ"]
[Date "2019.06.03"]
[Round "6.23"]
[White "Adair, Robin"]
[Black "Balzereit, Georg"]
[Result "1-0"]
[WhiteElo "1792"]
[BlackElo "1687"]
[PlyCount "56"]
[EventDate "2019.??.??"]
[WhiteTeam "SC Nidderau"]
[BlackTeam "vereinslos"]

1. c4 e5 2. Nc3 Nf6 3. g3 c6 4. Bg2 d5 5. cxd5 cxd5 6. Nf3 Nc6 7. O-O Be7 8. d3
O-O 9. a3 Bg4 10. Qa4 Qd7 11. Bg5 h6 12. Bxf6 Bxf6 13. Nxd5 Bd8 14. Ne3 Be6 15.
Rfe1 f5 16. Rac1 f4 17. Nf1 Qe8 18. Qb5 a6 19. Qxb7 Rc8 20. Qxa6 Be7 21. Nxe5
Nd4 22. Rxc8 Qxc8 23. Qxc8 Bxc8 24. Ng6 Re8 25. e3 Bd6 26. Nxf4 g5 27. Nd5 Kg7
28. Nc3 Ba6 1-0

[Event "Frankfurt Ch A 2019"]
[Site "Ffm-Höchst, BiKuZ"]
[Date "2019.06.03"]
[Round "6.24"]
[White "Rutsatz, Mario"]
[Black "Stelzer, Harald"]
[Result "0-1"]
[WhiteElo "1921"]
[BlackElo "2155"]
[PlyCount "101"]
[EventDate "2019.??.??"]
[WhiteTeam "SF Frankfurt"]
[BlackTeam "Sges Bensheim"]

1. c4 c5 2. Nf3 Nf6 3. d4 cxd4 4. Nxd4 g6 5. Nc3 Bg7 6. g3 O-O 7. Bg2 Nc6 8.
O-O Nxd4 9. Qxd4 d6 10. Bg5 Qa5 11. Qd2 Re8 12. Rac1 Rb8 13. h3 Bd7 14. Rfd1
Bc6 15. e4 Rbc8 16. b3 a6 17. Be3 Qc7 18. Nd5 Qb8 19. Bd4 Nd7 20. Bxg7 Kxg7 21.
Qd4+ Kg8 22. h4 Bxd5 23. exd5 Nf6 24. Bh3 Rc7 25. Re1 b5 26. cxb5 axb5 27. a4
Rxc1 28. Rxc1 bxa4 29. bxa4 Qb7 30. Rc6 Qb3 31. Bg2 Ra8 32. Rc4 h5 33. Rb4 Qa2
34. Bf3 Rc8 35. Qb2 Qxb2 36. Rxb2 Ra8 37. Rb4 Ra5 38. Rd4 Nd7 39. Be2 Kg7 40.
Bb5 Nc5 41. Kf1 Kf6 42. Rf4+ Kg7 43. Be8 f5 44. Rd4 Ne4 45. Kg2 Rc5 46. Rd1 Nc3
47. Ra1 Ra5 48. Bc6 Kf6 49. Ra3 Ne4 50. f3 Nc5 51. Kf2 0-1

[Event "Frankfurt Ch A 2019"]
[Site "Ffm-Höchst, BiKuZ"]
[Date "2019.06.03"]
[Round "6.25"]
[White "Kirchmann, Sascha"]
[Black "Engel, Johannes"]
[Result "1/2-1/2"]
[WhiteElo "1766"]
[BlackElo "2047"]
[PlyCount "29"]
[EventDate "2019.??.??"]
[WhiteTeam "SC Obertshausen"]
[BlackTeam "SC Brett vorm Kopp"]

1. e4 e6 2. d4 d5 3. e5 c5 4. c3 Nc6 5. Nf3 Be7 6. Bd3 Bd7 7. a3 f5 8. exf6
Bxf6 9. dxc5 e5 10. Be2 Nge7 11. b4 O-O 12. O-O e4 13. Nd4 Nxd4 14. cxd4 Nf5
15. Be3 1/2-1/2

[Event "Frankfurt Ch A 2019"]
[Site "Ffm-Höchst, BiKuZ"]
[Date "2019.06.03"]
[Round "6.26"]
[White "Rondonuwu, Grover"]
[Black "Fröhlich-Dill, Astrid"]
[Result "1-0"]
[WhiteElo "2043"]
[BlackElo "1810"]
[PlyCount "77"]
[EventDate "2019.??.??"]
[WhiteTeam "Frankfurter TV"]
[BlackTeam "SV Hofheim"]

1. d4 Nf6 2. c4 e6 3. Nc3 b6 4. Nf3 Bb7 5. g3 c5 6. d5 d6 7. Bg2 Be7 8. O-O O-O
9. a4 Na6 10. e4 e5 11. Ne1 Nd7 12. f4 f5 13. Nd3 Nb4 14. fxe5 Nxd3 15. exd6
Bxd6 16. Qxd3 Ne5 17. Qe2 Ba6 18. b3 g6 19. Bb2 Qg5 20. Nb5 Bxb5 21. axb5 Rfe8
22. Rae1 Ng4 23. Qd3 Ne5 24. Qe2 Ng4 25. Qd3 Ne5 26. Qc3 Re7 27. Re2 Rf8 28.
exf5 Rxf5 29. Rxf5 Qxf5 30. Be4 Qg4 31. Re1 Nf3+ 32. Bxf3 Rxe1+ 33. Qxe1 Qxf3
34. Qe6+ Qf7 35. Qxd6 Qf3 36. Qe6+ Kf8 37. Qf6+ Qxf6 38. Bxf6 Kf7 39. Be5 1-0

[Event "Frankfurt Ch A 2019"]
[Site "Ffm-Höchst, BiKuZ"]
[Date "2019.06.03"]
[Round "6.27"]
[White "Hambel, Christoph"]
[Black "Kuhn, Gerhard"]
[Result "0-1"]
[WhiteElo "1719"]
[BlackElo "1941"]
[PlyCount "98"]
[EventDate "2019.??.??"]
[WhiteTeam "Bad Vilbeler Sfr."]
[BlackTeam "SK Marburg"]

1. c4 Nf6 2. Nc3 d5 3. cxd5 Nxd5 4. Nf3 g6 5. d4 Bg7 6. e4 Nxc3 7. bxc3 c5 8.
Bb5+ Bd7 9. Rb1 O-O 10. O-O Bg4 11. Be2 Qc7 12. Be3 Nd7 13. h3 Bxf3 14. Bxf3
Rab8 15. Qb3 b5 16. Rfc1 e6 17. Qd1 Rfc8 18. Qe2 c4 19. Rd1 a5 20. a3 Bf8 21.
Bc1 Rb6 22. g3 b4 23. Qc2 bxc3 24. Rxb6 Qxb6 25. Qxc3 Qb3 26. Bb2 Rb8 27. Rd2
Qxc3 28. Bxc3 Rb3 29. Rc2 Bxa3 30. Be2 Bb4 31. Bxb4 Rxb4 32. Bxc4 Nb6 33. Bf1
Rxd4 34. Rb2 Rb4 35. Ra2 a4 36. Bd3 Kf8 37. Kf1 Ke7 38. Ke2 Kd6 39. Kd2 Kc5 40.
Kc3 Rb3+ 41. Kd2 a3 42. Bc2 Nc4+ 43. Kc1 Rc3 44. Kd1 Kb4 45. Ra1 Nb2+ 46. Kd2
Rc7 47. Bb1 Nc4+ 48. Kc2 Na5+ 49. Kd1 Nb3 0-1

[Event "Frankfurt Ch A 2019"]
[Site "Ffm-Höchst, BiKuZ"]
[Date "2019.06.03"]
[Round "6.28"]
[White "Biegel, Thomas"]
[Black "Gutacker, Stephan"]
[Result "1/2-1/2"]
[WhiteElo "1905"]
[BlackElo "1796"]
[PlyCount "135"]
[EventDate "2019.??.??"]
[WhiteTeam "SVG Eppstein"]
[BlackTeam "Sfr. Kelkheim"]

1. Nf3 Nf6 2. c4 e6 3. g3 d5 4. Bg2 Be7 5. O-O O-O 6. Qc2 c5 7. d4 Nc6 8. dxc5
Nb4 9. Qa4 Bxc5 10. a3 Bd7 11. Qd1 Nc6 12. cxd5 exd5 13. b4 Bb6 14. Bb2 Be6 15.
Ng5 Ng4 16. Qd2 Nce5 17. Bxe5 Nxe5 18. Nc3 Nc4 19. Qf4 Bc7 20. Qh4 h6 21. Nxe6
Qxh4 22. gxh4 fxe6 23. Nxd5 Be5 24. Rac1 Nxa3 25. Nc7 Bxc7 26. Rxc7 Rf7 27. Rc5
Raf8 28. Bh3 Rf6 29. Re5 Rg6+ 30. Kh1 Re8 31. Rc1 a6 32. Bg2 Re7 33. Rc8+ Kf7
34. Bf3 Rf6 35. h5 Rf5 36. Rxf5+ exf5 37. e3 Nb5 38. Kg2 Nd6 39. Rd8 Ne4 40.
Rd4 Kf6 41. h4 Re6 42. Rd7 Rb6 43. Bxe4 fxe4 44. Rd4 Ke5 45. f3 exf3+ 46. Kxf3
Rf6+ 47. Ke2 Rd6 48. Rg4 Rd7 49. Rg6 Ke4 50. Rg4+ Kd5 51. Kd3 Kc6+ 52. Kc4 Re7
53. Rg6+ Kc7 54. Kd5 Rd7+ 55. Kc5 Re7 56. e4 Re5+ 57. Kd4 Re7 58. Kd5 b6 59.
Rc6+ Kb7 60. Rg6 a5 61. bxa5 bxa5 62. e5 a4 63. Kd6 Rc7 64. e6 Rc4 65. Kd7 Rc7+
66. Ke8 a3 67. Rg2 Kc6 68. Ra2 1/2-1/2